Nom des piercings aux oreilles par images - Statistiques

Statistiques générales
  • Ce quiz a été pris 134 fois
  • Le résultat moyen est 9 sur 12
Statistiques - réponses
Par images Réponse % Correct
Lobe
99%
Helix
95%
Conch
88%
Tragus
87%
Industriel
85%
Anti helix
76%
Daith
70%
Flat
70%
Rook
67%
Anti tragus
53%
Snug
41%
Constellation
25%
Aucun quiz correspondant
Distribution des résultats
% des personnes avec chaque résultat
Percentile par nombre de réponses
Votre historique - résultats
Vous n’avez pas pris ce quiz